000 00533nam a2200181 i 4500
001 bg
245 0 _aSłownik naukowo-techniczny francusko-polski.
250 _aWyd.3 popr.i rozsz.
260 _aWarszawa,
_c1979.
650 9 _aSłownik francusko-polski
650 9 _aTechnika
_xsłownik
040 _cBPK
041 _apol
080 _a62(038)=133.1=162.1
942 _cKS
008 s pl f |000 0 pol
856 _uhttp://koha.tu.koszalin.pl/cgi-bin/koha/opac-detail.pl?biblionumber=1314
_yKatalog online BPK
999 _c1314
_d1314